000 00359 a2200157 4500
001 62440
020 _a9788561635039
040 _cAnchieta - Pituba
100 _aLeitão,Leonoreta.
240 1 0 _aOs Lusíadas para crianças
_lpor
245 1 0 _aOs Lusíadas para crianças
300 _a93
362 0 _a2008
650 4 _aLiteratura juvenil
942 _cBK
999 _c62440
_d62440